000 00395 a2200121 4500
001 ART_9202
005 20260410161835.0
008 260409a
245 1 0 _aEl ajuste por inflación para las sociedades bursátiles
100 1 _aSenderovich, Isaac Aizik
700 1 _aTelias, Alejandro J.
773 0 _tContabilidad y administración
_g- Año 4, Nº 39 (set. 1980)
_wREV5485
999 _c23568
_d23568